[Event "Far East Bank op"]
[Site "Manila"]
[Date "1990.06.01"]
[Round "5"]
[White "Soria, Renato"]
[Black "Arguelles, Efren"]
[Result "0-1"]
[WhiteElo "2126"]
[BlackElo "2134"]
[PlyCount "115"]
[EventDate "1990.05.28"]
[EventType "swiss"]
[EventRounds "11"]
[EventCountry "PHI"]
[SourceTitle "EXT 2015"]
[Source "ChessBase"]
[SourceDate "2014.11.20"]
[SourceVersion "1"]
[SourceVersionDate "2014.11.20"]
[SourceQuality "1"]

1. e4 c5 2. Nf3 e6 3. d4 cxd4 4. Nxd4 Nf6 5. Nc3 d6 6. f4 Be7 7. Be3 0-0 8. Qf3 Nc6 9. 0-0-0 Qc7 10. Rg1 a6 11. g4 Nxd4 12. Bxd4 e5 13. Be3 exf4 14. Bxf4 Be6 15. g5 Nd7 16. Kb1 Rac8 17. Rg2 Ne5 18. Qg3 Qa5 19. Nd5 Bxd5 20. Rxd5 Rc5 21. Rgd2 Rxd5 22. exd5 f6 23. Rd1 fxg5 24. Bxe5 Qxd5 25. Be2 Qxe5 26. Qxe5 dxe5 27. Rd7 Rf2 28. Bc4+ Kf8 29. Rxb7 g6 30. h3 Rh2 31. b4 e4 32. a4 Rxh3 33. Rb8+ Kg7 34. Rb7 Rh1+ 35. Kb2 Kf6 36. Rb6+ Kf5 37. Bxa6 g4 38. Bc8+ Kf4 39. Bxg4 Kxg4 40. Re6 Bf8 41. Rxe4+ Kf3 42. Rc4 Bg7+ 43. c3 g5 44. a5 Rh6 45. b5 g4 46. a6 Rb6 47. Rb4 Rb8 48. b6 g3 49. a7 Be5 50. Ka3 g2 51. axb8Q Bxb8 52. Rb1 Bd6+ 53. Ka4 h5 54. b7 h4 55. Rb6 g1Q 56. Rxd6 Qa7+ 57. Kb5 Qxb7+ 58. Rb6 0-1

[Event "Far East Bank op"]
[Site "Manila"]
[Date "1990.05.30"]
[Round "3"]
[White "Soria, Renato"]
[Black "Antonio, Rogelio Jr"]
[Result "1/2-1/2"]
[WhiteElo "2126"]
[BlackElo "2440"]
[PlyCount "56"]
[EventDate "1990.05.28"]
[EventType "swiss"]
[EventRounds "11"]
[EventCountry "PHI"]
[SourceTitle "EXT 2015"]
[Source "ChessBase"]
[SourceDate "2014.11.20"]
[SourceVersion "1"]
[SourceVersionDate "2014.11.20"]
[SourceQuality "1"]

1. e4 c6 2. Nc3 d5 3. Nf3 dxe4 4. Nxe4 Nf6 5. Nxf6+ gxf6 6. d4 h5 7. Be3 Bf5 8. Bd3 Rg8 9. Nh4 Bxd3 10. Qxd3 Rg4 11. g3 Qa5+ 12. Qd2 Qd5 13. f3 Rg8 14. b3 e6 15. 0-0-0 b5 16. Ng2 b4 17. Rhe1 Nd7 18. Qe2 Qa5 19. Qc4 Rc8 20. Kb1 Nb6 21. Qd3 Rd8 22. Nf4 Nd5 23. Bd2 Nxf4 24. Bxf4 Rd5 25. Qh7 Rg7 26. Qh8 Rg6 27. Qh7 Rg7 28. Qh8 Rg6 1/2-1/2